Random French Vocabulary #2 - Statistics

General Stats
  • This quiz has been taken 140 times
  • The average score is 12 of 15
Answer Stats
French English % Correct
chat cat
98%
chien dog
96%
soleil sun
96%
lire read/to read
90%
boire drink/to drink
88%
rue street
88%
avoir have/to have
84%
voir see/to see
80%
prendre take/to take
78%
regarder watch/to watch
73%
quelque chose something
71%
apprendre learn/ to learn
66%
jeu game
64%
entendre hear/to hear
52%
tableau board
41%
No matching quizzes found
Score Distribution
Percent of People with Each Score
Percentile by Number Answered
Your Score History
You have not taken this quiz